[Event "17. Europa ch Juvenil - Masculino s16"]
[Site "Sibenik CRO"]
[Date "2007.09.17"]
[Round "4.24"]
[White "Ter Schegget, Bram"]
[Black "Yaksin, Oleg"]
[Result "1-0"]
[WhiteElo "2129"]
[BlackElo "2231"]
[PlyCount "93"]
[EventDate "2007.09.14"]
[EventType "swiss"]
[EventRounds "9"]
[EventCountry "CRO"]
[Source "lmi"]
[SourceDate "2007.09.14"]

1. e4 c5 2. Nf3 g6 3. d4 Bg7 4. dxc5 Qa5+ 5. c3 Qxc5 6. Be3 Qc7 7. Nd4 Nc6 8.
Be2 Nf6 9. Nd2 O-O 10. f4 d6 11. O-O Bd7 12. Bf3 a6 13. g4 Qc8 14. Nxc6 bxc6
15. f5 d5 16. g5 Ne8 17. fxg6 hxg6 18. exd5 Nd6 19. dxc6 Bxc6 20. Bxc6 Qxc6 21.
Qf3 Qb5 22. Nb3 Nc4 23. Rf2 Rad8 24. Nd4 Bxd4 25. cxd4 Rd5 26. h4 Rf5 27. Qh3
Rxf2 28. Bxf2 Qd5 29. Qb3 Rc8 30. Rc1 Kh7 31. Qh3 Rb8 32. b3 Nd2 33. Qe3 Nf3+
34. Kf1 e5 35. Rc5 Qb7 36. d5 e4 37. Qf4 Kg8 38. d6 Rd8 39. Qf6 Rd7 40. Rc7
Rxc7 41. Qd8+ Kh7 42. dxc7 Qb5+ 43. Kg2 Qe2 44. Qf6 Nxh4+ 45. Kh3 Qf1+ 46. Kxh4
Qh1+ 47. Kg3 1-0

[Event "17. Europa ch Juvenil - Masculino s16"]
[Site "Sibenik CRO"]
[Date "2007.09.17"]
[Round "4.25"]
[White "Baturina, Andrija"]
[Black "Pecha, Tomas"]
[Result "0-1"]
[WhiteElo "1980"]
[BlackElo "2204"]
[PlyCount "72"]
[EventDate "2007.09.14"]
[EventType "swiss"]
[EventRounds "9"]
[EventCountry "CRO"]
[Source "lmi"]
[SourceDate "2007.09.14"]

1. e4 e5 2. Nc3 Nf6 3. g3 d5 4. exd5 Nxd5 5. Bg2 Be6 6. Nge2 Nc6 7. d4 Nxc3 8.
bxc3 Bd5 9. O-O Bxg2 10. Kxg2 Qd5+ 11. Kg1 O-O-O 12. Be3 h5 13. Qd3 e4 14. Qd2
Ne5 15. dxe5 Qxd2 16. Bxd2 Rxd2 17. Rae1 Rxc2 18. Nd4 Rxc3 19. Rxe4 Rc4 20.
Rfe1 Bc5 21. Nf5 Rxe4 22. Rxe4 g6 23. Nh4 Rd8 24. Re2 Be7 25. Nf3 Rd3 26. Kg2
g5 27. Ne1 Ra3 28. f4 g4 29. f5 Bb4 30. e6 fxe6 31. fxe6 Kd8 32. Kf1 Bxe1 33.
Kxe1 Ke7 34. Kd1 Ra6 35. Re5 Rxa2 36. Rxh5 Kxe6 0-1

[Event "17. Europa ch Juvenil - Masculino s16"]
[Site "Sibenik CRO"]
[Date "2007.09.17"]
[Round "4.26"]
[White "Hohluks, Aleksandrs"]
[Black "Zivkovic, Dejan"]
[Result "1/2-1/2"]
[WhiteElo "2056"]
[BlackElo "2191"]
[PlyCount "67"]
[EventDate "2007.09.14"]
[EventType "swiss"]
[EventRounds "9"]
[EventCountry "CRO"]
[Source "lmi"]
[SourceDate "2007.09.14"]

1. d4 Nf6 2. Nf3 g6 3. c4 Bg7 4. Nc3 d5 5. Qa4+ c6 6. cxd5 Nxd5 7. e4 Nb6 8.
Qc2 O-O 9. Be3 Be6 10. h4 h5 11. O-O-O Nc4 12. Bxc4 Bxc4 13. Na4 Bb5 14. Rdg1
Nd7 15. g4 Nf6 16. gxh5 Nxh5 17. Nc3 Qd7 18. Qb3 e6 19. e5 Bd3 20. Ng5 c5 21.
dxc5 Bxe5 22. Rd1 Qc6 23. Rhg1 Rad8 24. Rd2 Bf5 25. Qb4 Rxd2 26. Bxd2 Rd8 27.
Be3 Nf4 28. Bxf4 Rd4 29. Bxe5 Rxb4 30. Rd1 Qc8 31. Bf6 Rf4 32. Rd8+ Qxd8 33.
Bxd8 Rxf2 34. Nce4 1/2-1/2

[Event "17. Europa ch Juvenil - Masculino s16"]
[Site "Sibenik CRO"]
[Date "2007.09.17"]
[Round "4.27"]
[White "Varga, David"]
[Black "Orndahl, Markus"]
[Result "1/2-1/2"]
[WhiteElo "2257"]
[BlackElo "2078"]
[PlyCount "103"]
[EventDate "2007.09.14"]
[EventType "swiss"]
[EventRounds "9"]
[EventCountry "CRO"]
[Source "lmi"]
[SourceDate "2007.09.14"]

1. e4 c5 2. Nf3 d6 3. d4 cxd4 4. Nxd4 Nf6 5. Nc3 g6 6. Be3 Bg7 7. f3 a6 8. Qd2
Nbd7 9. O-O-O b5 10. g4 Bb7 11. Bh6 Bxh6 12. Qxh6 Rc8 13. Kb1 Rxc3 14. bxc3 Qc7
15. Qd2 Nb6 16. Bd3 O-O 17. h4 Na4 18. Ne2 d5 19. e5 Qxe5 20. h5 Rc8 21. hxg6
fxg6 22. f4 Qd6 23. Ka1 d4 24. cxd4 Qa3 25. Qc1 Qxc1+ 26. Rxc1 Bxh1 27. Rxh1
Nxg4 28. Rg1 Ne3 29. f5 Nxc2+ 30. Kb1 Nb4 31. Be4 Nc3+ 32. Nxc3 Rxc3 33. fxg6
hxg6 34. Rxg6+ Kf7 35. Rb6 Re3 36. Bb7 Ra3 37. Bc8 Kf8 38. Be6 Rd3 39. Kb2 Rxd4
40. a3 Nd3+ 41. Kc3 Rd8 42. Rxa6 Nc5 43. Rc6 Ne4+ 44. Kb4 Nd6 45. Rc3 Kg7 46.
Rf3 Rh8 47. Kc5 Rh6 48. Bd5 Rh4 49. Kc6 Rh6 50. Kd7 Rf6 51. Rg3+ Rg6 52. Rxg6+
1/2-1/2

[Event "17. Europa ch Juvenil - Masculino s16"]
[Site "Sibenik CRO"]
[Date "2007.09.17"]
[Round "4.28"]
[White "Anton, Teodor"]
[Black "Thorgeirsson, Sverrir"]
[Result "1-0"]
[WhiteElo "2212"]
[BlackElo "2064"]
[PlyCount "83"]
[EventDate "2007.09.14"]
[EventType "swiss"]
[EventRounds "9"]
[EventCountry "CRO"]
[Source "lmi"]
[SourceDate "2007.09.14"]

1. d4 d5 2. c4 c6 3. cxd5 cxd5 4. Nc3 Nc6 5. Bf4 Nf6 6. e3 a6 7. Bd3 Bg4 8. f3
Bh5 9. Nge2 e6 10. O-O Bd6 11. Bxd6 Qxd6 12. Rc1 O-O 13. Nf4 Bg6 14. Nxg6 hxg6
15. f4 Nd7 16. g4 f5 17. h4 Nf6 18. g5 Ne4 19. Nxe4 dxe4 20. Be2 Ne7 21. Qb3 b5
22. Rc5 Rac8 23. Rfc1 Rc6 24. a4 Rxc5 25. Rxc5 bxa4 26. Qxa4 Rb8 27. Qa3 Qb6
28. Bc4 Nd5 29. Bxd5 exd5 30. Rxd5 Qxb2 31. Qxb2 Rxb2 32. Rd6 Re2 33. Rxg6 Rxe3
34. Rxa6 Rf3 35. g6 Kf8 36. d5 Ke7 37. h5 Rxf4 38. d6+ Ke6 39. h6 gxh6 40. g7
Rg4+ 41. Kf1 e3 42. d7+ 1-0

[Event "17. Europa ch Juvenil - Masculino s16"]
[Site "Sibenik CRO"]
[Date "2007.09.17"]
[Round "4.30"]
[White "Veszpremi, Andras"]
[Black "Muheim, Sebastian"]
[Result "1/2-1/2"]
[WhiteElo "2150"]
[BlackElo "2005"]
[PlyCount "113"]
[EventDate "2007.09.14"]
[EventType "swiss"]
[EventRounds "9"]
[EventCountry "CRO"]
[Source "lmi"]
[SourceDate "2007.09.14"]

1. e4 e5 2. Nf3 Nf6 3. Nc3 Bb4 4. Bc4 d6 5. O-O Bxc3 6. dxc3 h6 7. Re1 O-O 8.
h3 Nbd7 9. Bd3 Nc5 10. Qe2 b6 11. b4 Ne6 12. Nh4 Re8 13. Nf5 Nf4 14. Bxf4 Bxf5
15. exf5 exf4 16. Qf3 Qd7 17. Qxf4 Rxe1+ 18. Rxe1 Re8 19. Rxe8+ Qxe8 20. Qd2
Qe5 21. a4 a5 22. f4 Qd5 23. Qe3 axb4 24. cxb4 Qa2 25. g4 Qa1+ 26. Kh2 Qxa4 27.
g5 Qe8 28. Qxe8+ Nxe8 29. Bb5 Kf8 30. f6 gxf6 31. gxh6 c6 32. Bxc6 Nc7 33. f5
Kg8 34. Kg3 Kh7 35. b5 Kxh6 36. Kg4 Kg7 37. c4 Kh6 38. h4 Kg7 39. Kf4 Kh6 40.
Bf3 Kh7 41. Ke3 Kg7 42. Kd3 Kh7 43. Bh5 Kg7 44. Kd4 Kg8 45. Bf3 Kg7 46. Bd5 Kg8
47. h5 Kg7 48. Ke4 Kg8 49. h6 Kh7 50. Bxf7 Kxh6 51. Kf4 Kg7 52. Bh5 Na8 53. Bf3
Nc7 54. Bc6 Kh7 55. Kg4 Kh6 56. Kh4 Kg7 57. Kh5 1/2-1/2

[Event "17. Europa ch Juvenil - Masculino s16"]
[Site "Sibenik CRO"]
[Date "2007.09.17"]
[Round "4.32"]
[White "Tofil, Borys"]
[Black "Silva, Miguel Alexandre Go"]
[Result "1-0"]
[WhiteElo "2148"]
[BlackElo "1999"]
[PlyCount "95"]
[EventDate "2007.09.14"]
[EventType "swiss"]
[EventRounds "9"]
[EventCountry "CRO"]
[Source "lmi"]
[SourceDate "2007.09.14"]

1. e4 c5 2. Nf3 d6 3. d4 cxd4 4. Nxd4 Nf6 5. Nc3 g6 6. Be3 Bg7 7. f3 O-O 8. Qd2
Nc6 9. Bc4 Bd7 10. O-O-O Qa5 11. Kb1 Rfc8 12. Bb3 Ne5 13. Bg5 Rc5 14. h4 Rac8
15. Rhe1 b5 16. Bxf6 Bxf6 17. Nd5 Qxd2 18. Nxf6+ Kg7 19. Nh5+ Kh6 20. Rxd2 Kxh5
21. Ne2 a5 22. f4 Nc4 23. Bxc4 bxc4 24. Nc3 Bc6 25. g3 Kg4 26. Re3 Rd8 27. Nd1
e6 28. Kc1 Kh5 29. Nf2 f6 30. Rc3 d5 31. b3 Rd7 32. g4+ Kh6 33. g5+ Kg7 34.
gxf6+ Kf8 35. e5 h6 36. Rd4 Bb5 37. a4 Ba6 38. bxc4 Rxc4 39. Rcxc4 Bxc4 40. Nd3
Rc7 41. Kd2 Kf7 42. Nb2 Ba2 43. Rd3 Rb7 44. Kc1 Rb4 45. Ra3 Bc4 46. c3 Rb7 47.
Nxc4 dxc4 48. Ra2 1-0

[Event "17. Europa ch Juvenil - Masculino s16"]
[Site "Sibenik CRO"]
[Date "2007.09.17"]
[Round "4.33"]
[White "Klim, Kamil"]
[Black "Kurkijarvi, Mikko"]
[Result "1/2-1/2"]
[WhiteElo "2126"]
[BlackElo "1970"]
[PlyCount "67"]
[EventDate "2007.09.14"]
[EventType "swiss"]
[EventRounds "9"]
[EventCountry "CRO"]
[Source "lmi"]
[SourceDate "2007.09.14"]

1. d4 d5 2. c4 dxc4 3. e3 e5 4. Bxc4 exd4 5. exd4 Bd6 6. Nf3 Nf6 7. O-O O-O 8.
h3 h6 9. Nc3 Nc6 10. Re1 Re8 11. Be3 Bf5 12. a3 Qd7 13. b4 Ne4 14. Nb5 Rad8 15.
Nh4 Bh7 16. Qb3 a6 17. Nc3 Nxc3 18. Qxc3 Qe7 19. Nf3 Qf6 20. Nd2 Bf5 21. Rac1
Re7 22. Nb3 Qg6 23. Bd2 Be4 24. Bf1 Bd5 25. Be3 Rde8 26. Nc5 Na7 27. a4 Nc8 28.
a5 Na7 29. Nd3 Nb5 30. Qd2 Qf6 31. Nc5 Qg6 32. Nd3 Qf6 33. Nc5 Qg6 34. Nd3
1/2-1/2

[Event "17. Europa ch Juvenil - Masculino s16"]
[Site "Sibenik CRO"]
[Date "2007.09.17"]
[Round "4.34"]
[White "Moltsanov, Ivan"]
[Black "Kilpatrick, Callum"]
[Result "0-1"]
[WhiteElo "2003"]
[BlackElo "2120"]
[PlyCount "88"]
[EventDate "2007.09.14"]
[EventType "swiss"]
[EventRounds "9"]
[EventCountry "CRO"]
[Source "lmi"]
[SourceDate "2007.09.14"]

1. e4 e5 2. Nf3 Nc6 3. d4 exd4 4. c3 d5 5. exd5 Qxd5 6. cxd4 Bg4 7. Be2 Bb4+ 8.
Nc3 Bxf3 9. Bxf3 Qc4 10. Bxc6+ Qxc6 11. Qe2+ Ne7 12. O-O O-O 13. a3 Bxc3 14.
bxc3 Qxc3 15. Bb2 Qb3 16. Qxe7 Qxb2 17. Qxc7 Rac8 18. Qe7 Qxd4 19. Qxb7 Rc2 20.
Rab1 a5 21. Qe7 Ra2 22. h3 g6 23. Rbd1 Qc3 24. Rd8 Rxd8 25. Qxd8+ Kg7 26. Rb1
Rxa3 27. Qd1 Ra2 28. g3 a4 29. Kg2 a3 30. Rb3 Qc6+ 31. Rf3 h5 32. h4 Rc2 33.
Qa1+ Kg8 34. Qxa3 Rc1 35. Qb3 Qd7 36. Qb8+ Rc8 37. Qf4 Qe6 38. Qf6 Qd5 39. Qf4
Rc3 40. Qb8+ Kg7 41. Qf4 f5 42. Kh3 Rxf3 43. Qc7+ Qf7 44. Qe5+ Kh7 0-1

[Event "17. Europa ch Juvenil - Masculino s16"]
[Site "Sibenik CRO"]
[Date "2007.09.17"]
[Round "4.36"]
[White "Sucic, Mihael"]
[Black "Bjelicic, Jan"]
[Result "1/2-1/2"]
[WhiteElo "1967"]
[BlackElo "2101"]
[PlyCount "71"]
[EventDate "2007.09.14"]
[EventType "swiss"]
[EventRounds "9"]
[EventCountry "CRO"]
[Source "lmi"]
[SourceDate "2007.09.14"]

1. d4 d5 2. c4 c6 3. Nc3 Nf6 4. Nf3 Bf5 5. e3 e6 6. Ne5 Bd6 7. f4 Ne4 8. Nxe4
Bxe4 9. Nf3 Nd7 10. c5 Bc7 11. b4 O-O 12. Be2 b6 13. a3 bxc5 14. bxc5 Ba5+ 15.
Bd2 Bxd2+ 16. Qxd2 Qc7 17. O-O Rab8 18. Bd1 f6 19. Qc3 Rfe8 20. Bc2 Bxc2 21.
Qxc2 Qa5 22. Ne1 Rb7 23. Nd3 Reb8 24. Nb4 Qb5 25. Rfc1 a5 26. Nd3 Qb3 27. Qd2
Qa4 28. Rc3 Rb3 29. Qc2 Qb5 30. Rc1 Nf8 31. Rxb3 Qxb3 32. Qc3 Ng6 33. Rc2 Ne7
34. Kf2 h6 35. Ke2 Kf7 36. Kd2 1/2-1/2

[Event "17. Europa ch Juvenil - Masculino s16"]
[Site "Sibenik CRO"]
[Date "2007.09.17"]
[Round "4.37"]
[White "Gevorkian, David"]
[Black "Lugovskoy, Dmitriy"]
[Result "1-0"]
[WhiteElo "2096"]
[BlackElo "1964"]
[PlyCount "95"]
[EventDate "2007.09.14"]
[EventType "swiss"]
[EventRounds "9"]
[EventCountry "CRO"]
[Source "lmi"]
[SourceDate "2007.09.14"]

1. g3 d5 2. Bg2 c6 3. Nf3 Bg4 4. b3 Nd7 5. Bb2 f6 6. d4 Bxf3 7. exf3 e5 8. O-O
Bd6 9. dxe5 Nxe5 10. f4 Nf7 11. Qg4 Kf8 12. Nd2 Ngh6 13. Qf3 Qa5 14. Qd3 Ba3
15. Bxa3+ Qxa3 16. c4 dxc4 17. Nxc4 Qe7 18. Rfe1 Qc7 19. Rad1 Rd8 20. Qe3 a6
21. Qc5+ Kg8 22. Rxd8+ Qxd8 23. Qb6 g5 24. Qxb7 gxf4 25. Bxc6 Qd4 26. Qd7 Qc3
27. Qd2 Qxd2 28. Nxd2 fxg3 29. hxg3 Ne5 30. Bb7 Kg7 31. Nc4 Nhf7 32. Nxe5 Nxe5
33. Kg2 Rb8 34. Be4 Rd8 35. Rc1 Rd2 36. Rc7+ Kf8 37. Rc2 Rd7 38. Bf5 Ra7 39. f4
Ng6 40. b4 Rb7 41. a3 a5 42. bxa5 Rb5 43. a6 Ra5 44. Rc8+ Kf7 45. Rc7+ Ke8 46.
Bxg6+ hxg6 47. a7 Kd8 48. Rb7 1-0

[Event "17. Europa ch Juvenil - Masculino s16"]
[Site "Sibenik CRO"]
[Date "2007.09.17"]
[Round "4.38"]
[White "Bekarovski, Filip"]
[Black "Kanmazalp, Ogulcan"]
[Result "0-1"]
[WhiteElo "1950"]
[BlackElo "2093"]
[PlyCount "90"]
[EventDate "2007.09.14"]
[EventType "swiss"]
[EventRounds "9"]
[EventCountry "CRO"]
[Source "lmi"]
[SourceDate "2007.09.14"]

1. d4 Nf6 2. c4 g6 3. f3 Bg7 4. e4 d6 5. Be3 O-O 6. Nc3 Nc6 7. Qd2 a6 8. Nge2
Rb8 9. Nc1 e5 10. d5 Nd4 11. Nb3 Nxb3 12. axb3 c5 13. dxc6 bxc6 14. Ra3 Nh5 15.
c5 dxc5 16. Bxc5 Qxd2+ 17. Kxd2 Rd8+ 18. Kc2 Bh6 19. Nb1 Nf4 20. b4 Ne6 21.
Bxa6 Bxa6 22. Rxa6 Nxc5 23. bxc5 Rb5 24. Rxc6 Rdb8 25. Kc3 Rxb2 26. Rb6 R8xb6
27. cxb6 Rxb6 28. Na3 Ra6 29. Nc4 Ra2 30. Rg1 f6 31. h3 Bf8 32. Nd2 Bh6 33. Rd1
Bf4 34. Kd3 Kg7 35. g4 Bg5 36. Ke2 Kh6 37. Kd3 Rxd2+ 38. Rxd2 Bxd2 39. Kxd2 Kg5
40. Ke3 Kh4 41. f4 g5 42. fxe5 fxe5 43. Kd3 Kxh3 44. Kc4 Kxg4 45. Kd5 Kf4 0-1

[Event "17. Europa ch Juvenil - Masculino s16"]
[Site "Sibenik CRO"]
[Date "2007.09.17"]
[Round "4.40"]
[White "Rubil, Marko"]
[Black "Ben, Tomer"]
[Result "1/2-1/2"]
[WhiteElo "2005"]
[BlackElo "1966"]
[PlyCount "135"]
[EventDate "2007.09.14"]
[EventType "swiss"]
[EventRounds "9"]
[EventCountry "CRO"]
[Source "lmi"]
[SourceDate "2007.09.14"]

1. e4 c5 2. Nf3 Nc6 3. d4 cxd4 4. Nxd4 e5 5. Nb5 d6 6. N1c3 a6 7. Na3 Be7 8.
Nc4 b5 9. Ne3 Nf6 10. Ned5 O-O 11. Be3 Be6 12. Qd2 Bxd5 13. exd5 Na5 14. f3 Nd7
15. Ne4 f5 16. Ng5 f4 17. Ne6 fxe3 18. Qxe3 Qb6 19. Qxb6 Nxb6 20. Nxf8 Rxf8 21.
O-O-O Nac4 22. Bxc4 Nxc4 23. h4 h5 24. Rd3 Kh7 25. b3 Nb6 26. Kb2 Rc8 27. g3
Rc5 28. Rhd1 a5 29. c3 Bf6 30. Kc2 Kg6 31. R1d2 Kh6 32. Rd1 g5 33. hxg5+ Kxg5
34. R1d2 Kg6 35. Rd1 Rc8 36. Re1 Rg8 37. Rdd1 Rc8 38. Rd3 Re8 39. Re4 Kf5 40.
c4 Rc8 41. Rc3 bxc4 42. bxc4 Rg8 43. Rb3 Na4 44. Ra3 Nc5 45. g4+ hxg4 46. Rxg4
Rxg4 47. fxg4+ Kxg4 48. Rxa5 e4 49. Ra3 Bd4 50. Kd2 e3+ 51. Ke2 Ne4 52. Kd3 Ng3
53. Ra8 e2 54. Rg8+ Kf3 55. Rxg3+ Kxg3 56. Kxe2 Kf4 57. Kd3 Ke5 58. Kc2 Ke4 59.
Kb3 Kd3 60. Kb4 Bc5+ 61. Kb5 Ba3 62. Ka4 Bc5 63. Kb5 Kc3 64. a4 Kd3 65. a5 Kc3
66. a6 Kd4 67. Kc6 Kxc4 68. a7 1/2-1/2

[Event "17. Europa ch Juvenil - Masculino s16"]
[Site "Sibenik CRO"]
[Date "2007.09.17"]
[Round "4.41"]
[White "Vranar, Viktor"]
[Black "Arslanov, Shamil"]
[Result "0-1"]
[WhiteElo "1729"]
[BlackElo "2266"]
[PlyCount "102"]
[EventDate "2007.09.14"]
[EventType "swiss"]
[EventRounds "9"]
[EventCountry "CRO"]
[Source "lmi"]
[SourceDate "2007.09.14"]

1. e4 e6 2. d4 d5 3. Nd2 Nf6 4. e5 Nfd7 5. Bd3 c5 6. c3 Nc6 7. Ne2 cxd4 8. cxd4
f6 9. exf6 Qxf6 10. Nf3 h6 11. O-O Bd6 12. a3 O-O 13. Bc2 Rd8 14. Nc3 Nf8 15.
Re1 Bd7 16. Be3 Be8 17. Bd3 Bh5 18. Be2 Bg6 19. Bd3 Rd7 20. Bxg6 Nxg6 21. b4
Rf8 22. Ra2 Re7 23. Na4 Nh8 24. Rc2 Nf7 25. Rce2 g5 26. h3 Bb8 27. Bc1 b6 28.
Nc3 Rfe8 29. Qd3 Kg7 30. Nd1 Nd6 31. Ne5 Nxe5 32. dxe5 Qf5 33. Qg3 Ne4 34. Qb3
Bxe5 35. Ne3 Qf7 36. Ng4 Bf6 37. f4 Bd4+ 38. Kh2 gxf4 39. Rf1 e5 40. Rf3 Qe6
41. Qd3 h5 42. Rxf4 exf4 43. Qxd4+ Kg6 44. Nf2 Qe5 45. Rxe4 dxe4 46. Qc4 Rc7
47. Qf1 Rc2 48. a4 Rd8 49. a5 f3+ 50. Kh1 Rxf2 51. Qe1 Rxg2 0-1

[Event "17. Europa ch Juvenil - Masculino s16"]
[Site "Sibenik CRO"]
[Date "2007.09.18"]
[Round "5.1"]
[White "Lavrik, Dmitry"]
[Black "Lomsadze, Davit"]
[Result "1/2-1/2"]
[WhiteElo "2371"]
[BlackElo "2305"]
[PlyCount "41"]
[EventDate "2007.09.14"]
[EventType "swiss"]
[EventRounds "9"]
[EventCountry "CRO"]
[Source "lmi"]
[SourceDate "2007.09.14"]

1. e4 e5 2. Nf3 Nc6 3. Bb5 a6 4. Ba4 d6 5. O-O Bd7 6. c3 g6 7. d4 Bg7 8. dxe5
dxe5 9. Bg5 f6 10. Be3 Qe7 11. b4 Rd8 12. Qe2 Qf7 13. Rd1 Nge7 14. Bc5 Nb8 15.
Bb3 Be6 16. Rxd8+ Kxd8 17. Nbd2 Kc8 18. Nc4 Nec6 19. Be3 Rd8 20. h3 h6 21. Nfd2
1/2-1/2

[Event "17. Europa ch Juvenil - Masculino s16"]
[Site "Sibenik CRO"]
[Date "2007.09.18"]
[Round "5.2"]
[White "Rasulov, Vugar"]
[Black "Roganovic, Milos"]
[Result "1-0"]
[WhiteElo "2297"]
[BlackElo "2329"]
[PlyCount "89"]
[EventDate "2007.09.14"]
[EventType "swiss"]
[EventRounds "9"]
[EventCountry "CRO"]
[Source "lmi"]
[SourceDate "2007.09.14"]

1. e4 c5 2. Nf3 Nc6 3. d4 cxd4 4. Nxd4 e5 5. Nb5 d6 6. N1c3 a6 7. Na3 Be7 8.
Nc4 Be6 9. Be3 b5 10. Nb6 Rb8 11. Nbd5 Nf6 12. Nxf6+ Bxf6 13. Nd5 O-O 14. Qd2
Bxd5 15. exd5 Na5 16. b4 Nc4 17. Bxc4 bxc4 18. c3 a5 19. a3 Qd7 20. O-O Ra8 21.
Rfb1 axb4 22. Rxb4 Ra4 23. Qe2 Rc8 24. Qb2 h6 25. h3 Rca8 26. Rb7 Qf5 27. Rb8+
Kh7 28. Rxa8 Rxa8 29. Qb7 Ra5 30. Qb4 Rxd5 31. a4 Qc2 32. a5 Rd1+ 33. Rxd1
Qxd1+ 34. Kh2 e4 35. Qxc4 Be5+ 36. g3 d5 37. Qa2 h5 38. h4 g5 39. Bxg5 Qg4 40.
a6 e3 41. Bxe3 Qxh4+ 42. Kg1 Bxg3 43. a7 Bh2+ 44. Kf1 Qg4 45. Qc2+ 1-0

[Event "17. Europa ch Juvenil - Masculino s16"]
[Site "Sibenik CRO"]
[Date "2007.09.18"]
[Round "5.3"]
[White "Yilmaz, Mustafa"]
[Black "Bregadze, Levan"]
[Result "1/2-1/2"]
[WhiteElo "2204"]
[BlackElo "2324"]
[PlyCount "70"]
[EventDate "2007.09.14"]
[EventType "swiss"]
[EventRounds "9"]
[EventCountry "CRO"]
[Source "lmi"]
[SourceDate "2007.09.14"]

1. e4 c5 2. b3 d6 3. Bb2 Nf6 4. Bb5+ Bd7 5. Bxd7+ Qxd7 6. Qe2 g6 7. Nf3 Nc6 8.
O-O Bg7 9. c4 O-O 10. Nc3 Nh5 11. Qe3 Nd4 12. Rab1 Qg4 13. Ne1 Be5 14. h3 Qf4
15. Qxf4 Nxf4 16. g3 Nde2+ 17. Nxe2 Nxe2+ 18. Kg2 Bxb2 19. Rxb2 f5 20. d3 Nd4
21. f4 b5 22. exf5 Nxf5 23. Re2 Rfe8 24. Nf3 bxc4 25. dxc4 a5 26. g4 Ng7 27.
Rfe1 Ra7 28. Ng5 a4 29. Ne4 Rb8 30. Nc3 axb3 31. axb3 Rxb3 32. Nb5 Rb7 33. Rxe7
Rxe7 34. Rxe7 d5 35. Nd6 dxc4 1/2-1/2

[Event "17. Europa ch Juvenil - Masculino s16"]
[Site "Sibenik CRO"]
[Date "2007.09.18"]
[Round "5.4"]
[White "Feller, Sebastien"]
[Black "Huschenbeth, Niclas"]
[Result "1-0"]
[WhiteElo "2476"]
[BlackElo "2306"]
[PlyCount "39"]
[EventDate "2007.09.14"]
[EventType "swiss"]
[EventRounds "9"]
[EventCountry "CRO"]
[Source "lmi"]
[SourceDate "2007.09.14"]

1. g3 Nf6 2. Bg2 d5 3. Nf3 Bf5 4. c4 e6 5. Qb3 Nc6 6. O-O Na5 7. Qa4+ c6 8. d3
Nd7 9. Bd2 b6 10. Bxa5 bxa5 11. Qxc6 Rc8 12. Qa4 dxc4 13. dxc4 Be4 14. Ne5 Bxg2
15. Rd1 Bc6 16. Nxc6 Qc7 17. Nxa5 Bc5 18. Nc3 Ke7 19. b4 Bb6 20. Nb5 1-0

[Event "17. Europa ch Juvenil - Masculino s16"]
[Site "Sibenik CRO"]
[Date "2007.09.18"]
[Round "5.5"]
[White "Golichenko, Ilija"]
[Black "Georgescu, Tiberiu"]
[Result "1/2-1/2"]
[WhiteElo "2306"]
[BlackElo "2385"]
[PlyCount "74"]
[EventDate "2007.09.14"]
[EventType "swiss"]
[EventRounds "9"]
[EventCountry "CRO"]
[Source "lmi"]
[SourceDate "2007.09.14"]

1. d4 Nf6 2. c4 c5 3. d5 b5 4. cxb5 a6 5. b6 d6 6. Nc3 Nbd7 7. Nf3 g6 8. e4 Bg7
9. Be2 O-O 10. Nd2 Nxb6 11. a4 a5 12. O-O e6 13. Nc4 exd5 14. exd5 Re8 15. Nxb6
Qxb6 16. Ra3 Rb8 17. Bc4 Bg4 18. Qb3 Qxb3 19. Rxb3 Rb4 20. Rxb4 cxb4 21. Nb5
Be2 22. Bxe2 Rxe2 23. Nxd6 Nxd5 24. Nc4 Bd4 25. b3 Nf6 26. Rd1 Ne4 27. Be3 Bxe3
28. fxe3 Nc5 29. Nxa5 Rxe3 30. Rb1 f5 31. Nc6 Nxb3 32. Nxb4 Nc5 33. a5 Ra3 34.
Nc6 Nb3 35. a6 Rxa6 36. Ne7+ Kf7 37. Nxf5 gxf5 1/2-1/2

[Event "17. Europa ch Juvenil - Masculino s16"]
[Site "Sibenik CRO"]
[Date "2007.09.18"]
[Round "5.6"]
[White "Kosov, Ivan"]
[Black "Alonso Rosell, Alvar"]
[Result "1/2-1/2"]
[WhiteElo "2379"]
[BlackElo "2285"]
[PlyCount "67"]
[EventDate "2007.09.14"]
[EventType "swiss"]
[EventRounds "9"]
[EventCountry "CRO"]
[Source "lmi"]
[SourceDate "2007.09.14"]

1. e4 c5 2. Nc3 a6 3. Nge2 d6 4. g3 b5 5. Bg2 Bb7 6. d4 cxd4 7. Nxd4 e6 8. O-O
Be7 9. Re1 Nd7 10. a4 b4 11. Na2 a5 12. c3 bxc3 13. Nxc3 Nc5 14. Ndb5 Nf6 15.
Bf4 Ra6 16. e5 dxe5 17. Bxb7 Nxb7 18. Bxe5 O-O 19. Qe2 Nc5 20. Red1 Qb6 21. Qc4
Ncd7 22. Bd6 Bxd6 23. Rxd6 Qb7 24. Rxa6 Qxa6 25. Rd1 Qb7 26. Qd4 h6 27. Rd2 Nb6
28. b4 e5 29. Qh4 Nxa4 30. bxa5 Nxc3 31. Nxc3 Qb3 32. Nd1 Ra8 33. Qh3 Qb4 34.
Ra2 1/2-1/2

[Event "17. Europa ch Juvenil - Masculino s16"]
[Site "Sibenik CRO"]
[Date "2007.09.18"]
[Round "5.7"]
[White "Lehmann, Marco"]
[Black "Recuero Guerra, David"]
[Result "1-0"]
[WhiteElo "2279"]
[BlackElo "2378"]
[PlyCount "63"]
[EventDate "2007.09.14"]
[EventType "swiss"]
[EventRounds "9"]
[EventCountry "CRO"]
[Source "lmi"]
[SourceDate "2007.09.14"]

1. e4 e6 2. d4 d5 3. Nc3 Bb4 4. e5 Ne7 5. a3 Bxc3+ 6. bxc3 b6 7. a4 Nbc6 8. Qg4
Ng6 9. Bd3 a5 10. h4 h5 11. Qe2 Nce7 12. Nf3 Nf5 13. g3 Nge7 14. O-O Bb7 15.
Ba3 Qc8 16. Bb5+ Bc6 17. c4 dxc4 18. Bxc6+ Nxc6 19. Qxc4 Qd7 20. Rfd1 O-O-O 21.
c3 Kb7 22. Rab1 Ka7 23. Qe2 Nce7 24. Rb5 Nc6 25. Qe4 Rb8 26. c4 Nd8 27. Rdb1
Ne7 28. d5 Nc8 29. Nd4 exd5 30. Rxd5 Qg4 31. Qxg4 hxg4 32. Rxd8 1-0

[Event "17. Europa ch Juvenil - Masculino s16"]
[Site "Sibenik CRO"]
[Date "2007.09.18"]
[Round "5.9"]
[White "Krejci, Jan"]
[Black "Pavlidis, Anastasios"]
[Result "0-1"]
[WhiteElo "2315"]
[BlackElo "2182"]
[PlyCount "90"]
[EventDate "2007.09.14"]
[EventType "swiss"]
[EventRounds "9"]
[EventCountry "CRO"]
[Source "lmi"]
[SourceDate "2007.09.14"]

1. e4 c5 2. Nf3 d6 3. d4 cxd4 4. Nxd4 Nf6 5. Nc3 a6 6. Be3 e5 7. Nf3 Be7 8. Bc4
O-O 9. O-O Be6 10. Bb3 Nc6 11. Qe2 Na5 12. Rfd1 Nxb3 13. cxb3 Nd7 14. Nd5 Rc8
15. Qd3 Rc6 16. Nxe7+ Qxe7 17. Rac1 Rfc8 18. Rxc6 Rxc6 19. h3 f6 20. Nh4 g6 21.
f4 exf4 22. Bxf4 Ne5 23. Qg3 Rc2 24. Nf5 Bxf5 25. exf5 Kg7 26. fxg6 hxg6 27. h4
Rxb2 28. h5 g5 29. Bxe5 Qxe5 30. Qd3 Qc5+ 31. Kh1 Qc2 32. Qf3 Qf2 33. Qxb7+ Kh6
34. Qe4 Kxh5 35. Qh7+ Kg4 36. Qh3+ Kf4 37. Kh2 Rd2 38. Rxd2 Qxd2 39. Qg3+ Kf5
40. Qf3+ Qf4+ 41. Kg1 Qxf3 42. gxf3 Ke5 43. Kf2 Kd4 44. f4 gxf4 45. Kf3 Kc3 0-1